| 000 | 02547cam a2200397 i 4500 | ||
|---|---|---|---|
| 001 | 768714001 | ||
| 003 | CO-MdFUSB | ||
| 005 | 20220420155117.0 | ||
| 007 | ta | ||
| 008 | 090202t2010 nyu b 001 0 eng | ||
| 020 | _a0567568385 | ||
| 040 |
_aDLC _cCO-MdFUSB _dYDX _dBWX _dYDXCP _dCDX _dDLC _bspa _erda |
||
| 041 | 0 |
_aeng _aheb |
|
| 082 | 0 | 0 |
_a221.66 _223 _bC845 |
| 100 | 1 |
_aCotrozzi, Stefano, _d1956- _eautor |
|
| 245 | 1 | 0 |
_aExpect the unexpected : _baspects of pragmatic foregrounding in Old Testament narratives _c/ Stefano Cotrozzi |
| 264 | 1 |
_aNew York : _bT y T CLARK, _c[2010] |
|
| 264 | 4 | _c© 2010 | |
| 300 |
_a290 páginas ; _c25 cm. |
||
| 336 |
_2rdacontent _atexto _btxt |
||
| 337 |
_2rdamedia _asin mediación _bn |
||
| 338 |
_2rdacarrier _avolumen _bnc |
||
| 490 | 1 | _aLibrary of Hebrew Bible/Old Testament studies ; | |
| 490 | 1 | _aT & T Clark library of biblical studies | |
| 504 | _aIncluye referencias bibliográficas (p. [249]-275) e índices. | ||
| 505 | _aEl concepto de puesta en primer plano -- Una breve historia de la puesta en primer plano pragmática -- Teoría de esquemas -- Esquemas y puesta en primer plano en las narrativas del Antiguo Testamento -- Evaluación en la narrativa -- Evaluación en las narrativas del Antiguo Testamento -- El presente histórico: un estudio translingüístico -- Yiqṭōl como presente histórico en hebreo bíblico -- Qōṭēl como presente histórico en hebreo bíblico -- We̳hinnēh + NP + X como percepción representada en hebreo bíblico. | ||
| 520 | _aEsta monografía sobre lingüística bíblica es una investigación pragmática altamente especializada de la controvertida cuestión del ""primer plano"" —la desviación de alguna norma o convención— en las narraciones del Antiguo Testamento. El autor presenta y examina las dos fuentes principales del primer plano pragmático: eventos o estados que se desvían de esquemas bien establecidos, estructuras de expectativas del lector que pueden ser manipuladas por el narrador para resaltar "fragmentos" específicos del discurso; y dispositivos de evaluación, que son utilizados por el narrador para indicar al lector el punto de la historia y dirigir su interpretación. | ||
| 563 | _aPasta dura | ||
| 630 | 7 |
_aBiblia. _pAntiguo Testamento _xCrítica, interpretación, etc. |
|
| 830 | 0 |
_aLibrary of Hebrew Bible/Old Testament studies ; _v510. |
|
| 830 | 0 | _aT & T Clark library of biblical studies. | |
| 942 | _cBK | ||
| 945 | _aJTF-925 | ||
| 999 |
_c67485 _d67485 |
||